[Event "Santiago Region-ch (Women) 4th"]
[Site "Santiago de Chile"]
[Date "2018.09.29"]
[Round "3.4"]
[White "Altamirano Contador, Fernanda"]
[Black "Hormazabal Figueroa, Constanza Valentina"]
[Result "0-1"]
[WhiteElo "1419"]
[BlackElo "1480"]
[PlyCount "40"]
[EventDate "2018.09.29"]
[EventType "swiss"]
[EventRounds "6"]
[EventCountry "CHI"]
[SourceTitle "EXT 2024"]
[Source "ChessBase"]
[SourceDate "2023.10.10"]
[SourceVersion "1"]
[SourceVersionDate "2023.10.10"]
[SourceQuality "1"]

1. e4 c5 2. d4 cxd4 3. c3 d3 4. Bxd3 Nc6 5. f4 Nf6 6. Nf3 e6 7. 0-0 Be7 8. Qe1 0-0 9. Qg3 Re8 10. Be3 d5 11. e5 Nd7 12. Qh3 Nf8 13. Nbd2 b6 14. Qh5 f5 15. exf6 Bxf6 16. Ng5 g6 17. Qh3 e5 18. Qg3 e4 19. Be2 h6 20. Nh3 Bh4 0-1

[Event "Santiago Region-ch (Women) 4th"]
[Site "Santiago de Chile"]
[Date "2018.09.29"]
[Round "2.2"]
[White "Sanchez Tobar, Francisca Valentina"]
[Black "Altamirano Contador, Fernanda"]
[Result "1-0"]
[WhiteElo "1644"]
[BlackElo "1419"]
[PlyCount "45"]
[EventDate "2018.09.29"]
[EventType "swiss"]
[EventRounds "6"]
[EventCountry "CHI"]
[SourceTitle "EXT 2024"]
[Source "ChessBase"]
[SourceDate "2023.10.10"]
[SourceVersion "1"]
[SourceVersionDate "2023.10.10"]
[SourceQuality "1"]

1. e4 c5 2. Nf3 Nc6 3. d4 cxd4 4. Nxd4 g6 5. Be3 Bg7 6. c4 Nf6 7. Nc3 0-0 8. Be2 d6 9. 0-0 a6 10. b3 Ne5 11. f3 Bd7 12. Qd2 Rc8 13. Rac1 e6 14. Rfd1 Qe7 15. Nc2 Rfd8 16. Bb6 Re8 17. Qxd6 Qxd6 18. Rxd6 Bf8 19. Rd2 Rc6 20. Bd4 Bh6 21. Ne3 Bxe3+ 22. Bxe3 Rcc8 23. Bd4 1-0

[Event "Lebu op 1st"]
[Site "Lebu"]
[Date "2016.07.16"]
[Round "1.1"]
[White "Altamirano, Rene"]
[Black "Altamirano Contador, Fernanda"]
[Result "1-0"]
[WhiteElo "2110"]
[BlackElo "1329"]
[PlyCount "125"]
[EventDate "2016.07.16"]
[EventType "swiss"]
[EventRounds "5"]
[EventCountry "CHI"]
[SourceTitle "EXT 2024"]
[Source "ChessBase"]
[SourceDate "2023.10.10"]
[SourceVersion "1"]
[SourceVersionDate "2023.10.10"]
[SourceQuality "1"]

1. e4 c5 2. Nf3 d6 3. g3 Nc6 4. Bg2 Bd7 5. 0-0 e6 6. Nc3 Nf6 7. d4 cxd4 8. Nxd4 Be7 9. Ndb5 0-0 10. Nxd6 Bxd6 11. Qxd6 Bc8 12. Qc5 a6 13. Bg5 h6 14. Rad1 Qe7 15. Qxe7 Nxe7 16. Be3 Ng6 17. f4 Ng4 18. Bc5 Re8 19. Rd2 b5 20. e5 Rb8 21. Ba7 Bb7 22. h3 Bxg2 23. Kxg2 Rb7 24. Bg1 N4xe5 25. fxe5 Nxe5 26. Rd4 Rc7 27. Be3 g5 28. Rf2 Rb8 29. Rfd2 b4 30. Rd8+ Rxd8 31. Rxd8+ Kh7 32. Na4 Rxc2+ 33. Kf1 Nf3 34. Rd6 Rh2 35. Rxa6 Rxh3 36. Bf2 Rh1+ 37. Kg2 Ra1 38. Kxf3 Rxa2 39. Bd4 Ra1 40. Nc5 Rf1+ 41. Ke2 Rf5 42. Nd3 Rd5 43. Ke3 b3 44. Ra8 Kg6 45. Ne5+ Kh5 46. Ra1 Rxe5+ 47. Bxe5 Kg6 48. Ra3 Kf5 49. Bc3 Kg6 50. Rxb3 f5 51. Rb7 g4 52. Re7 Kg5 53. b4 h5 54. b5 h4 55. Rg7+ Kh5 56. Rh7+ Kg5 57. gxh4+ Kg6 58. Rg7+ Kh5 59. Kf4 Kh6 60. b6 Kh5 61. b7 Kh6 62. b8Q Kh5 63. Qh8# 1-0

[Event "Lebu op 1st"]
[Site "Lebu"]
[Date "2016.07.16"]
[Round "2.4"]
[White "Altamirano Contador, Fernanda"]
[Black "Rossel Grandon, Cristobal Alejandro"]
[Result "0-1"]
[WhiteElo "1329"]
[BlackElo "1388"]
[PlyCount "64"]
[EventDate "2016.07.16"]
[EventType "swiss"]
[EventRounds "5"]
[EventCountry "CHI"]
[SourceTitle "EXT 2024"]
[Source "ChessBase"]
[SourceDate "2023.10.10"]
[SourceVersion "1"]
[SourceVersionDate "2023.10.10"]
[SourceQuality "1"]

1. e4 e6 2. d4 d5 3. e5 c5 4. c3 Nc6 5. Be3 Qb6 6. Qd2 Bd7 7. Be2 0-0-0 8. Nf3 Be7 9. 0-0 h5 10. Na3 f6 11. Rfd1 fxe5 12. dxe5 Nh6 13. Rab1 Ng4 14. Bf4 Rdg8 15. b4 cxb4 16. Be3 Nxe3 17. Qxe3 Qxe3 18. fxe3 bxa3 19. c4 Bc5 20. cxd5 Bxe3+ 21. Kh1 Nd8 22. Rd3 Bb6 23. Ng5 h4 24. dxe6 Nxe6 25. Nxe6 Bxe6 26. Rxa3 h3 27. g3 Rf8 28. Rc1+ Kb8 29. Rd1 Bf5 30. Rf1 Be4+ 31. Bf3 Rxf3 32. Raxf3 Rf8 0-1

[Event "Santiago U1600 op"]
[Site "Santiago de Chile"]
[Date "2016.05.29"]
[Round "6.2"]
[White "Greau Carreno, Rodrigo Alberto"]
[Black "Altamirano Contador, Fernanda"]
[Result "1-0"]
[WhiteElo "1464"]
[BlackElo "1308"]
[PlyCount "103"]
[EventDate "2016.05.28"]
[EventType "swiss"]
[EventRounds "7"]
[EventCountry "CHI"]
[SourceTitle "EXT 2024"]
[Source "ChessBase"]
[SourceDate "2023.10.10"]
[SourceVersion "1"]
[SourceVersionDate "2023.10.10"]
[SourceQuality "1"]

1. e4 c5 2. Nc3 d6 3. Nge2 e6 4. d3 Nf6 5. Bg5 Be7 6. g3 Nc6 7. Bg2 0-0 8. 0-0 Bd7 9. a3 a5 10. Rb1 Ne5 11. Bd2 Bc6 12. f4 Ned7 13. h3 Re8 14. Kh2 h6 15. Ng1 Qc7 16. Nf3 Kh8 17. Qe2 Rg8 18. Rbe1 Rae8 19. Qd1 Nh7 20. Ne2 b6 21. Neg1 Bf6 22. c3 Rd8 23. d4 cxd4 24. cxd4 Bb5 25. Rf2 Bd3 26. Re3 Qc2 27. Qxc2 Bxc2 28. e5 dxe5 29. dxe5 Be7 30. b4 Rc8 31. Be1 Rc4 32. Rc3 Rxc3 33. Bxc3 Be4 34. bxa5 bxa5 35. Bxa5 Bxa3 36. Ra2 Bxf3 37. Nxf3 Bc5 38. Rd2 Nhf8 39. Rc2 Bb6 40. Bb4 Ng6 41. Nd2 Rb8 42. Bd6 Rd8 43. Nc4 Ba7 44. Na5 Bb8 45. Nc4 Bxd6 46. Nxd6 f6 47. Nf7+ Kh7 48. Nxd8 fxe5 49. fxe5 Ndxe5 50. Nxe6 Nd3 51. Be4 Ne1 52. Re2 1-0